00350nam a22001457a 4500003000700000005001700007008004100024082001600065100001700081245003700098250001100135260002500146300000800171650002500179MPLRDC20220104123946.0210129b ||||| |||| 00| 0 eng d a802.033 WD  a吴鼎编著 a语文科教学研究与实习c a再版 ab复兴书局c1968 b平 a中国语言--华语